000 01086cam a2200301 4500
001 J3064
008 090401t1995 xxu||||| |||| 00| 0 eng d
035 _a(Sirsi) u52760
041 _aeng
050 _a692.9
090 _aJCT 1995/11A
110 _aJoint Contracts Tribunal
_93664
245 _aNominated Sub-Contract Conditions (NSC/C) 1991 edition (incorporating Amendments 1 & 2): Amendment 3 issued March 1995: Construction (Design and Management) Regulations 1994 (CDM Regulations).
260 _aLondon
_bRIBA Publications
_c1995
300 _a(4)p. ; 30cm.
350 _a0.4
650 _aAMENDMENT 3
650 _aBUILT ENVIRONMENT-BUILDING CONTRACT FORMS
650 _aCONSTRUCTION (DESIGN AND MANAGEMENT) REGULATIONS 1994
650 _aCONSTRUCTION (DESIGN AND MANAGEMENT) REGULATIONS 1994
650 _aJCT STANDARD FORMS OF NOMINATED SUB-CONTRACT
650 _aNOMINATED SUB-CONTRACT CONDITIONS (NSC/C)
650 _aNSC/C 1991
650 _aSUBCONTRACTS
690 _aBUILT ENVIRONMENT-BUILDING CONTRACT FORMS
942 _n0
948 _c04/03/1997
999 _c93159
_d93159